000 00724nam a2200253 i 4500
001 C2-0340441
003 PPAK
005 20180728142342.0
008 170123s2016 xxka|||| ||||| | eng d
020 _a9780723273011
040 _aPPAK
_beng
_cPPAK
_erda
082 0 4 _a428.6
_223
090 0 0 _a428.6
_bJAC
_dK
245 0 0 _aJack and the beanstalk
264 1 _aUnited Kingdom :
_bLadybird Books ,
_c2016
300 _a47 pages :
_bcolour illustrations ;
_c18 cm
336 _2rdacontent
_atext
337 _2rdamedia
_aunmediated
338 _2rdacarrier
_avolume
490 1 _aRead it yourself with Ladybird. Level 3
650 1 0 _aReaders.
830 0 _aRead it yourself with Ladybird. Level 3
942 _ddc
_cB
999 _c137593
_d137593